000 00419nam a2200181Ia 4500
005 20250603144651.0
008 250603s9999 xx 000 0 und d
020 _a9780367903923
050 _aHD 9578 .P65/
100 _aEdited by Polack, Fiona,
245 0 _aCold water oil
260 _aAbingdon
260 _bRoutledge
260 _c2022
300 _axiii, 263p.: ill.
650 _aAbingdon
942 _cBK
999 _c39598
_d39598